|
|
|
|
| LEADER |
00000naa2a2200000 4500 |
| 001 |
215700 |
| 005 |
20240708103504.0 |
| 035 |
|
|
|a (RuTPU)RU\TPU\book\235632
|
| 090 |
|
|
|a 215700
|
| 100 |
|
|
|a 20120516d1977 k y0rusy50 ca
|
| 101 |
0 |
|
|a rus
|
| 102 |
|
|
|a RU
|
| 200 |
1 |
|
|a К анализу влияния неоднородности грунта на поле грозового облака
|f А. М. Купцов, В. Г. Домашенко, А. А. Дульзон
|
| 320 |
|
|
|a Библиогр.: с. 77 (5 назв.)
|
| 463 |
|
0 |
|0 (RuTPU)RU\TPU\book\72690
|t Техника высоких напряжений и электрическая прочность изоляции
|f Томский политехнический институт (ТПИ) ; под ред. В. Я. Ушакова
|v С. 68-72
|d 1977
|p 160 с.
|
| 610 |
1 |
|
|a труды учёных ТПУ
|
| 700 |
|
1 |
|a Купцов
|b А. М.
|c специалист в области электротехники
|c доцент Томского политехнического университета, кандидат технических наук
|f 1940-
|g Анатолий Михайлович
|3 (RuTPU)RU\TPU\pers\27986
|
| 701 |
|
1 |
|a Домашенко
|b В. Г.
|
| 701 |
|
1 |
|a Дульзон
|b А. А.
|c специалист в области техники высоких напряжений, управления проектами, управления персоналом
|c профессор Томского политехнического университета, доктор технических наук
|f 1937-2019
|g Альфред Андреевич
|3 (RuTPU)RU\TPU\pers\21958
|4 070
|9 9277
|
| 801 |
|
1 |
|a RU
|b 63413507
|c 20120516
|
| 801 |
|
2 |
|a RU
|b 63413507
|c 20131212
|g RCR
|
| 942 |
|
|
|c BK
|